Statistics for Countries with Highest VAT or Sales Tax

Click here to take the quiz!

General Stats

  • This quiz has been taken 38 times
  • The average score is 13 of 20

Answer Stats

Rate (%)Country% Correct
24Finland
89%
25Norway
89%
25Sweden
89%
25Denmark
87%
24Iceland
87%
22Italy
84%
23Ireland
82%
21Belgium
76%
21Netherlands
76%
23Portugal
76%
23Poland
66%
24Greece
63%
27Hungary
63%
21Czech Republic
61%
21Latvia
55%
21Lithuania
53%
22Slovenia
50%
25Croatia
45%
21Argentina
32%
22Uruguay
16%

Score Distribution

Percentile by Number Answered

Percent of People with Each Score

Your Score History

You have not taken this quiz